TEXTBOOK OF RESPIRATORY AND CRITICAL CARE INFECTIONS (Record no. 216948)
[ view plain ]
| 000 -LEADER | |
|---|---|
| fixed length control field | 00490nam a22001817a 4500 |
| 008 - FIXED-LENGTH DATA ELEMENTS--GENERAL INFORMATION | |
| fixed length control field | 260414b |||||||| |||| 00| 0 eng d |
| 020 ## - INTERNATIONAL STANDARD BOOK NUMBER | |
| International Standard Book Number | 9789350902981 |
| 050 ## - LIBRARY OF CONGRESS CALL NUMBER | |
| Classification number | RC 740 .B53 2015 |
| Item number | C.1 |
| 100 ## - MAIN ENTRY--PERSONAL NAME | |
| Personal name | BLASI FRANCESCO |
| 245 ## - TITLE STATEMENT | |
| Title | TEXTBOOK OF RESPIRATORY AND CRITICAL CARE INFECTIONS |
| 250 ## - EDITION STATEMENT | |
| Edition statement | 1ST |
| 260 ## - PUBLICATION, DISTRIBUTION, ETC. | |
| Place of publication, distribution, etc. | LNEW DELHI |
| Name of publisher, distributor, etc. | JAYPEE BROTHERS |
| Date of publication, distribution, etc. | 2015 |
| 300 ## - PHYSICAL DESCRIPTION | |
| Extent | 432P |
| 500 ## - GENERAL NOTE | |
| General note | INCLUDES INDEX |
| 700 ## - ADDED ENTRY--PERSONAL NAME | |
| Personal name | DIMOPOULOS GEORGE |
| 942 ## - ADDED ENTRY ELEMENTS (KOHA) | |
| Source of classification or shelving scheme | Library of Congress Classification |
| Koha item type | Long Loan Book |
| Withdrawn status | Lost status | Source of classification or shelving scheme | Damaged status | Not for loan | Home library | Current library | Date acquired | Inventory number | Total checkouts | Full call number | Barcode | Date last seen | Copy number | Price effective from | Koha item type |
|---|---|---|---|---|---|---|---|---|---|---|---|---|---|---|---|
| Library of Congress Classification | Kisii University Library | Kisii University Library | 04/14/2026 | 112731 | RC 740 .B53 2015 | A001466 | 04/14/2026 | C.1 | 04/14/2026 | Long Loan Book | |||||
| Library of Congress Classification | Kisii University Library | Kisii University Library | 04/14/2026 | 112732 | RC 740 .B53 2015 | A001468 | 04/14/2026 | C.2 | 04/14/2026 | Long Loan Book | |||||
| Library of Congress Classification | Kisii University Library | Kisii University Library | 04/14/2026 | 112733 | RC 740 .B53 2015 | A001470 | 04/14/2026 | C.3 | 04/14/2026 | Long Loan Book | |||||
| Library of Congress Classification | Kisii University Library | Kisii University Library | 04/14/2026 | 112734 | RC 740 .B53 2015 | A001472 | 04/14/2026 | C.4 | 04/14/2026 | Long Loan Book |